00704nam a2200193Ia 4500001001000000003000500010008004100015010001100056040000900067082002500076111008600101245009600187260004000283300000800323500005000331650003900381710003300420710005700453Para_5783CHAP220125s1987 xx 000 0 und d a204278 cCHAP aPA 338.76363 S4 1987 aSeminario Nacional sobre la Agroindustria en México (1: 1987: Chapingo, Méx.) aMemoria :b trabajos presentados /c por UACh. Programa Integración Agricultura-Industria aChapingo, Méx. :b La Universidad a2v. aPrograma Integración Agricultura- Industria aIndustrias Agrícolasx Congresos aLa agroindustria en México aUACh. Programa Integración AgriculturaxIndustria